| 000 | 01132nam a22003737a 4500 | ||
|---|---|---|---|
| 001 | BR0809923 | ||
| 003 | BR-BrBNA | ||
| 005 | 20230928102853.0 | ||
| 007 | ta | ||
| 008 | 230509b bl.||||| |||| 00| 0 por d | ||
| 040 |
_aBR-BrBNA _bpor _cBiblioteca Nacional de Agricultura |
||
| 041 | _a(Por) | ||
| 072 | _aL01; L10; F30 | ||
| 090 | _ L01 BR0809923 | ||
| 100 | 1 | _aMattos, W.R.S.(ed.) | |
| 100 | 1 | _aFaria, V.P. de(ed.) | |
| 100 | 1 | _aSilva, S.C. da(ed.) | |
| 100 | 1 | _aNussio, L.G.(ed.) | |
| 100 | 1 | _aMoura, J.C. de(ed.) | |
| 110 | 1 |
_aSociedade Brasileira de Zootecnia, Brasília, DF (Brasil) _99806 |
|
| 111 | 1 |
_a38. Reunião Anual da Sociedade Brasileira de Zootecnia _cPiracicaba, SP (Brazil) _d2001 |
|
| 245 | 1 | _aAnais da 38. Reunião Anual da Sociedade Brasileira de Zootecnia | |
| 260 | 3 |
_aBrasília, DF (Brasil): _c2001. |
|
| 300 | _a1544 p. | ||
| 650 | _aRUMINANTE | ||
| 650 | _aFORRAGICULTURA | ||
| 650 | _aMELHORAMENTO ANIMAL | ||
| 650 | _aPRODUÇÃO ANIMAL | ||
| 650 | _aZOOTECNIA | ||
| 650 | _aAVICULTURA | ||
| 650 | _aNUTRIÇÃO ANIMAL | ||
| 909 |
_a202309 _bLucia _c55 _dLucia Elande |
||
| 942 | _cBK | ||
| 999 |
_c72781 _d72781 |
||